US States by Starting Letter - Statistics

General Stats
  • This quiz has been taken 59 times
  • The average score is 23 of 26
Answer Stats
Letter Number % Correct
B 0
98%
E 0
98%
G 1
98%
H 1
98%
A 4
98%
I 4
98%
J 0
96%
D 1
96%
F 1
96%
K 2
96%
C 3
96%
L 1
94%
M 8
94%
N 8
94%
Q 0
91%
P 1
91%
O 3
91%
R 1
89%
U 1
85%
S 2
83%
T 2
83%
V 2
83%
X 0
77%
Z 0
77%
W 4
77%
Y 0
74%
No matching quizzes found
Score Distribution
Percent of People with Each Score
Percentile by Number Answered
Your Score History
You have not taken this quiz